000 01028nam a2200265 a 4500
001 000009896
005 20240412074213.0
008 091002t2000 dr 001 0 spa d
040 _aDO-SdBNP
_bspa
_cBNPHU
082 _aRD868.44
_bC957c
100 1 _aCruz Mieses, Santiago de la
_924829
245 1 0 _aCantos de media isla : poemas ;
_bLos enigmas : cuentos /
_cSantiago de la Cruz Mieses ; prólogo Narciso González (Narcizaso).
246 1 3 _aLos enigmas :
_bcuentos
260 _aSanto Domingo :
_bUniversitaria de la UASD,
_c2000.
300 _a134, 85 p. ;
_c22 cm.
501 _aPublicado con : Los enigmas : cuentos / Santiago de la Cruz Mieses.
563 _aDos obras con paginación independiente en encuadernación invertida.
650 0 _aCuentos dominicanos
_9176
650 0 _aPoesía dominicana
_966
650 0 _aLiteratura dominicana.
_967
700 1 2 _aGonzález, Narciso, (Narcizaso),
_epról.
_924830
740 4 2 _aLos enigmas : cuentos
910 _aValidado. Control de calidad EMS.
049 _aBNPD
999 _c9655
_d9655